Costa Rica: diplomacia y contra insurgencia
Bewaard in:
| Formaat: | Texto |
|---|---|
| Onderwerpen: | |
| Tags: |
Voeg label toe
Geen labels, Wees de eerste die dit record labelt!
|
MARC
| LEADER | 00000 a a2200000 04500 | ||
|---|---|---|---|
| 001 | 18099 | ||
| 003 | |||
| 040 | |||
| 245 | |a Costa Rica: |b diplomacia y contra insurgencia | ||
| 650 | |a DIPLOMACIA | ||
| 650 | |a ECONOMIA | ||
| 650 | |a POLITICA | ||
| 650 | |a COSTA RICA | ||
| 773 | |g volumen 6, número 22; (1982) Páginas 340-342 | ||
| 999 | |c 35776 |d 35776 | ||
| 773 | 0 | |0 42391 |9 4140 |a Agencia Latinoamericana de Información, ALAI |d Quito, Ecuador: ALAI |o 03933 |t ALAI: |x 08275564 (Servicio mensual de información y documentación) | |
